Statistiche per rosa atalanta 2023/2024

Clicka qui per fare il quiz!

Statistiche generali

  • Questo quiz è stato fatto 18 volte
  • Il punteggio medio è 20 su 26

Statistiche sulle risposte

numeronome% Corretto
11Ademola Lookman
100%
1Juan Musso
100%
8Mario Pasalic
100%
7Teun koopmeiners
100%
77Davide Zappacosta
93%
allenatoreGianpiero Gasperini
93%
90Gianluca Scamacca
86%
42Giorgio Scalvini
86%
29Marco Carnesecchi
86%
15Marten de Roon
86%
20Mitchel Bakker
86%
2Rafael Toloi
86%
19Berat Djimsiti
79%
17Charles De Ketelaere
79%
13Ederson
79%
33Hans Hateboer
79%
6Jose luis Palomino
79%
9Luis Muriel
79%
22Matteo Ruggeri
79%
23Sead Kolasinac
64%
59Aleksey Miranchuk
57%
10El Bilal Tourè
57%
3Emil Holm
57%
21Nadir Zortea
43%
31Francesco Rossi
36%
25Michel Adopo
36%

Distribuzione punteggi

Percentile per numero di risposta

Percentuale di utenti per punteggio

I tuoi punteggi nel tempo

Non hai fatto questo quiz